Word Ladder: Wobbly Halloween Fun Quiz Stats

 Plays Quiz Updated Nov 17, 2016

Challenge
Share
Tweet
Embed
Score 0/37 Timer 04:00
0 Plays Today
Hint Word % Correct
●'___ or Treat!'●●TRICK●
96.6%
A shovel digs oneHOLE
96.3%
●A witch flies on one●●BROOM●
96.3%
●Color of a witch's cat●●BLACK●
96.1%
●Word used to scare people●●BOO●
96%
To graspHOLD
94.8%
Watering toolHOSE
94.1%
Hold a partyHOST
93.4%
A course for runningTRACK
92.6%
Loud noiseBOOM
92.2%
Object that could be made of tin or aluminumCAN
91.6%
BraveBOLD
90%
Adjective for children who get coal in their stockingsBAD
90%
ProhibitBAN
89.2%
An earthy substance, such as granite or shaleROCK
87.1%
Young boyLAD
86.5%
PhysiqueBOD
85.7%
First name of 'Never Gonna Give You Up' singerRICK
85.6%
A small streamBROOK
85.2%
Hint Word % Correct
●Vegetable that is the basis of a yellow, white, and orange candy●●CORN●
84.4%
●Given out on Halloween night●●CANDY●
83.4%
Salt waterBRACK
81.3%
A conjunctionAND
80.7%
Empty; has nothing on itBLANK
77.9%
Woody's ownerANDY
77.2%
CenterCORE
77%
●Specter●●GHOST●
76.5%
A black birdROOK
75.9%
Extractable mineralORE
74.6%
Product promoterAD
74.5%
A disadvantageCON
74.3%
What the 'stan' in Kyrgyzstan meansLAND
73.3%
To Freud, it is modified by the ego and superegoID
72.1%
Banal and pedestrianBLAND
67.3%
John Keats' '___ on a Grecian Urn'ODE
62.8%
State abbreviation for The First StateDE
62.7%
Latin abbreviation, roughly translated to 'that is'I.E.
57.1%

Today's Daily Dose

You're not logged in!

Compare scores with friends on all Sporcle quizzes.
Join for Free
OR
Log In

You Might Also Like...

Show Comments

Extras

Top Quizzes Today


Score Distribution

Your Account Isn't Verified!

In order to create a playlist on Sporcle, you need to verify the email address you used during registration. Go to your Sporcle Settings to finish the process.

Report this User

Report this user for behavior that violates our Community Guidelines.

Details: